[Event "III Weekend A"]
[Site "Novara ITA"]
[Date "2013.11.01"]
[Round "1"]
[White "Guidi, Maurizio"]
[Black "Lanzani, Mario"]
[WhiteElo "2033"]
[BlackElo "2305"]
[Result "0-1"]
[PlyCount "80"]
[EventDate "2013.11.01"]

1. g3 d5 2. Bg2 c6 3. Nf3 Bg4 4. O-O Nd7 5. d3 Ngf6 6. Nbd2 e6 7. b3 Be7 8. Bb2
O-O 9. h3 Bh5 10. c4 a5 11. a3 b5 12. Nd4 Qb6 13. cxb5 cxb5 14. g4 Bg6 15. N2f3
h6 16. Qd2 Nc5 17. Ne5 Bh7 18. Kh1 Bd6 19. f4 b4 20. a4 Nfd7 21. Nxd7 Nxd7 22.
Nb5 Bc5 23. Rf3 Rad8 24. f5 f6 25. fxe6 Qxe6 26. d4 Bd6 27. Re3 Be4 28. Bxe4
dxe4 29. d5 Qe7 30. Nxd6 Qxd6 31. Rd1 Rfe8 32. Qd4 Nf8 33. Rxe4 Qg3 34. Rd3
Qe1+ 35. Kg2 Ng6 36. g5 hxg5 37. Rf3 Nh4+ 38. Kh2 Rxe4 39. Qxe4 Nxf3+ 40. exf3
Qf2+ 0-1

[Event "III Weekend A"]
[Site "Novara ITA"]
[Date "2013.11.01"]
[Round "1"]
[White "La Rota, Fabio"]
[Black "Ravagnani, Tiziano"]
[WhiteElo "2258"]
[BlackElo "1991"]
[Result "1-0"]
[PlyCount "53"]
[EventDate "2013.11.01"]

1. e4 e5 2. Nc3 Nf6 3. a3 Bc5 4. Bc4 d6 5. d3 Nc6 6. Na4 Nd4 7. c3 Ne6 8. b4
Bb6 9. Nf3 c6 10. Nxb6 Qxb6 11. O-O O-O 12. Re1 Ng4 13. Ra2 Nf4 14. Bxf4 exf4
15. Qd2 Ne5 16. Qxf4 Qc7 17. Nxe5 dxe5 18. Qg3 Be6 19. Bxe6 fxe6 20. d4 Rf4 21.
Rd2 Raf8 22. dxe5 Qxe5 23. Rd7 R8f7 24. Rxf7 Kxf7 25. Qe3 Rh4 26. g3 Rg4 27.
Qf3+ 1-0

[Event "III Weekend A"]
[Site "Novara ITA"]
[Date "2013.11.01"]
[Round "1"]
[White "Marinone, Lucio"]
[Black "Calavalle, Giulio"]
[WhiteElo "1976"]
[BlackElo "2210"]
[Result "0-1"]
[PlyCount "124"]
[EventDate "2013.11.01"]

1. c4 e5 2. g3 Bc5 3. Bg2 d6 4. Nc3 Ne7 5. d3 Nbc6 6. a3 a5 7. Nf3 O-O 8. O-O
Bg4 9. h3 Bd7 10. e3 Ng6 11. d4 Ba7 12. Nd5 Nge7 13. Nc3 Nf5 14. d5 Nb8 15. b4
Ne7 16. Bd2 Ng6 17. Rc1 f5 18. Ne2 axb4 19. axb4 e4 20. Nfd4 c6 21. Bc3 cxd5
22. cxd5 Na6 23. Qb3 Nc7 24. b5 Bb6 25. Ra1 Qe7 26. Rfd1 Ne5 27. Nf4 Bxd4 28.
Bxd4 Nxb5 29. Bxe5 Qxe5 30. Rxa8 Rxa8 31. Bf1 Qc3 32. Qb1 Qa5 33. Rc1 Rb8 34.
Bxb5 Qxb5 35. Qxb5 Bxb5 36. Rc7 Be8 37. Ne6 Bf7 38. Nd4 g6 39. Nb5 Bxd5 40.
Nxd6 h6 41. Nc8 Bf7 42. Nd6 Bd5 43. Nc8 Bb3 44. Ne7+ Kf8 45. Nxg6+ Ke8 46. Rc3
Bf7 47. Ne5 b5 48. Nxf7 Kxf7 49. Kf1 b4 50. Rc1 Ke6 51. Ke2 Kd5 52. Kd2 Ra8 53.
Rc2 Ra3 54. Rb2 Kc4 55. Rc2+ Rc3 56. Rb2 Rd3+ 57. Kc1 b3 58. Re2 Kc3 59. g4
fxg4 60. hxg4 Rd6 61. g5 hxg5 62. f4 exf3 0-1

[Event "III Weekend A"]
[Site "Novara ITA"]
[Date "2013.11.01"]
[Round "1"]
[White "Montilli, Vincenzo"]
[Black "Angelini, Marco"]
[WhiteElo "2020"]
[BlackElo "2263"]
[Result "1/2-1/2"]
[PlyCount "111"]
[EventDate "2013.11.01"]

1. d4 d5 2. c4 e6 3. Nc3 c6 4. e4 dxe4 5. Nxe4 Bb4+ 6. Bd2 Qxd4 7. Bxb4 Qxe4+
8. Be2 Na6 9. Ba5 Bd7 10. Qd6 Nf6 11. O-O-O Qf5 12. Bc3 O-O-O 13. f3 Qc5 14.
Qg3 Qf8 15. Qg5 Ne8 16. Nh3 f6 17. Qe3 c5 18. Nf4 Nec7 19. Bd3 e5 20. Ne2 Qf7
21. f4 exf4 22. Nxf4 Rhe8 23. Qf2 Bc6 24. b3 g6 25. Rhe1 f5 26. h4 b6 27. Bb1
Rxe1 28. Rxe1 Nb8 29. Nh3 Qg8 30. Be5 Nd7 31. Bd6 Ne6 32. h5 Re8 33. hxg6 hxg6
34. Bd3 Nf6 35. Bg3 Ne4 36. Bxe4 Bxe4 37. Be5 Rd8 38. Re2 Qe8 39. Rd2 Rxd2 40.
Qxd2 Qd7 41. g3 Qxd2+ 42. Kxd2 g5 43. Bf6 g4 44. Ng5 Nxg5 45. Bxg5 a6 46. a3
Kd7 47. Bf4 b5 48. Kc3 Kc6 49. Be5 Bg2 50. b4 bxc4 51. Kxc4 Bf1+ 52. Kc3 c4 53.
Bf4 Kb5 54. Bb8 Ka4 55. Bc7 Kxa3 56. Bf4 1/2-1/2

[Event "III Weekend A"]
[Site "Novara ITA"]
[Date "2013.11.01"]
[Round "1"]
[White "Ortega, Lexy"]
[Black "Bisi, Samuele"]
[WhiteElo "2480"]
[BlackElo "2058"]
[Result "1-0"]
[PlyCount "83"]
[EventDate "2013.11.01"]

1. Nf3 Nf6 2. c4 c5 3. Nc3 Nc6 4. d4 cxd4 5. Nxd4 a6 6. e4 e6 7. Nxc6 dxc6 8.
Qxd8+ Kxd8 9. Bf4 Bb4 10. O-O-O+ Ke7 11. Na4 Nxe4 12. Nb6 Nxf2 13. Nxa8 Nxd1
14. Kxd1 e5 15. Bxe5 Bg4+ 16. Kc2 Rxa8 17. Bxg7 Bf5+ 18. Kb3 a5 19. Bh6 Rg8 20.
Be3 Be4 21. Rg1 f5 22. g3 Bd6 23. Bg2 a4+ 24. Kxa4 Bc2+ 25. Ka5 Ra8+ 26. Kb6
Rxa2 27. Kxb7 Rxb2+ 28. Kxc6 Ba4+ 29. Kd5 Kd7 30. Kd4 Re2 31. Ra1 Rxg2 32. Rxa4
Rxh2 33. Ra7+ Kc6 34. Ra6+ Kd7 35. g4 Rh4 36. Kd5 Bb8 37. gxf5 Rh5 38. Rf6 Ke7
39. Bd4 Rh4 40. Re6+ Kd7 41. c5 Rf4 42. c6+ 1-0

[Event "III Weekend A"]
[Site "Novara ITA"]
[Date "2013.11.01"]
[Round "1"]
[White "Ranieri, Fabrizio"]
[Black "D'Alfonso, Nicola"]
[WhiteElo "2277"]
[BlackElo "2032"]
[Result "1-0"]
[PlyCount "93"]
[EventDate "2013.11.01"]

1. e4 e5 2. Nf3 Nc6 3. d4 exd4 4. Nxd4 Nf6 5. Nxc6 bxc6 6. e5 Nd5 7. c4 Nb6 8.
Bd3 Bb4+ 9. Bd2 Qe7 10. O-O Bb7 11. a3 Bxd2 12. Nxd2 c5 13. f4 O-O-O 14. Qe2 f6
15. Be4 fxe5 16. Bxb7+ Kxb7 17. fxe5 Kb8 18. a4 Rhf8 19. a5 Nc8 20. Rxf8 Rxf8
21. Ra3 c6 22. Re3 Qg5 23. Nb3 Qf5 24. Nxc5 Qb1+ 25. Qe1 Qxe1+ 26. Rxe1 Kc7 27.
Rd1 Rf7 28. e6 dxe6 29. Nxe6+ Kb8 30. Nd8 Rc7 31. a6 Nb6 32. b3 c5 33. Ne6 Rd7
34. Rf1 Nc8 35. Nxc5 Re7 36. Nb7 Kc7 37. c5 Kc6 38. Rf8 Rc7 39. b4 Kb5 40. Rxc8
Rxc8 41. Nd6+ Kxb4 42. Nxc8 Kxc5 43. Nxa7 Kb6 44. Nb5 Kxa6 45. Nd4 Kb6 46. Kf2
g6 47. Ne6 1-0

[Event "III Weekend A"]
[Site "Novara ITA"]
[Date "2013.11.02"]
[Round "2"]
[White "Angelini, Marco"]
[Black "Ceccarini, Marco"]
[WhiteElo "2263"]
[BlackElo "2085"]
[Result "0-1"]
[PlyCount "99"]
[EventDate "2013.11.01"]

1. e4 e5 2. Nf3 Nc6 3. Bc4 Nf6 4. d3 h6 5. c3 d6 6. Nbd2 g6 7. Nf1 Bg7 8. Ng3
Qe7 9. O-O O-O 10. Re1 Na5 11. Bb5 a6 12. Ba4 b5 13. Bc2 c5 14. a4 b4 15. cxb4
cxb4 16. d4 Bg4 17. d5 Nd7 18. h3 Bxf3 19. Qxf3 Rfc8 20. Qe2 Nc5 21. Be3 Rc7
22. Rac1 Rac8 23. Bd1 Nab7 24. Qd2 Kh7 25. Be2 a5 26. Bb5 Nb3 27. Rxc7 Qxc7 28.
Qe2 Qc2 29. Bc6 Qxe2 30. Rxe2 N7c5 31. Rc2 Nd4 32. Bxd4 exd4 33. Bb5 Rb8 34. f3
d3 35. Rd2 Bc3 36. Rd1 Bxb2 37. Nf1 Bd4+ 38. Kh1 b3 39. Nd2 Bc3 40. Nc4 b2 41.
Rb1 d2 42. Nxd6 Nb3 43. Be2 d1=Q+ 44. Bxd1 Nd2 45. Bc2 Nxb1 46. Bxb1 Rb4 47.
Nb5 Be5 48. g3 Rxa4 49. Kg2 Ra1 50. Bd3 0-1

[Event "III Weekend A"]
[Site "Novara ITA"]
[Date "2013.11.02"]
[Round "2"]
[White "Calavalle, Giulio"]
[Black "Ortega, Lexy"]
[WhiteElo "2210"]
[BlackElo "2480"]
[Result "1-0"]
[PlyCount "104"]
[EventDate "2013.11.01"]

1. e4 e5 2. Bc4 Nf6 3. Nc3 Bc5 4. d3 c6 5. Nf3 d6 6. Bd2 b5 7. Bb3 a5 8. a4 b4
9. Ne2 Qb6 10. O-O Bg4 11. Ng3 h5 12. h3 h4 13. Nf5 Bxf5 14. exf5 Nh5 15. Ng5
d5 16. Qf3 Nd7 17. Rfe1 Nhf6 18. Qe2 Kf8 19. Ne6+ fxe6 20. fxe6 Nb8 21. Qxe5
Rh5 22. Qf4 Na6 23. c4 bxc3 24. Bxc3 d4 25. e7+ Ke8 26. Bd1 Rh6 27. Bd2 Ra7 28.
Qf5 Rxe7 29. Rxe7+ Bxe7 30. Bxh6 Qxb2 31. Bh5+ Kd8 32. Qxa5+ Nc7 33. Rd1 gxh6
34. Bf3 Nfd5 35. Bxd5 cxd5 36. Qe1 Bd6 37. Rb1 Qc2 38. Qd1 Qxd1+ 39. Rxd1 Bb4
40. Rb1 Na6 41. g3 Kc7 42. Kf1 hxg3 43. fxg3 Bd6 44. g4 Nc5 45. a5 Nxd3 46. Rd1
Nb4 47. Rxd4 Kc6 48. h4 Kc5 49. Rxb4 Kxb4 50. a6 Bc5 51. g5 Kb5 52. g6 Bd6 1-0

[Event "III Weekend A"]
[Site "Novara ITA"]
[Date "2013.11.02"]
[Round "2"]
[White "Lanzani, Mario"]
[Black "Bargeri, Ludovico"]
[WhiteElo "2305"]
[BlackElo "2122"]
[Result "1/2-1/2"]
[PlyCount "129"]
[EventDate "2013.11.01"]

1. c4 e5 2. Nc3 d6 3. d4 exd4 4. Qxd4 Nc6 5. Qd2 Nf6 6. g3 g6 7. b3 Bg7 8. Bb2
O-O 9. Bg2 Re8 10. Nh3 Bxh3 11. Bxh3 Ne4 12. Nxe4 Rxe4 13. Bg2 Re8 14. O-O Bxb2
15. Qxb2 Qe7 16. e3 Rab8 17. Qa3 Ra8 18. c5 dxc5 19. Bxc6 bxc6 20. Rac1 a5 21.
Qxc5 Qxc5 22. Rxc5 Re6 23. Rfc1 Ra6 24. R1c4 Rd6 25. e4 a4 26. b4 Rd2 27. Ra5
Rb6 28. Rxa4 c5 29. Rxc5 Rf6 30. f4 Rb2 31. e5 Rb6 32. b5 Rb8 33. Rac4 Rxa2 34.
Rxc7 Rxb5 35. Rc2 Rbb2 36. Rxb2 Rxb2 37. Rc3 h5 38. Rf3 Kg7 39. Rf2 Rb5 40. Rd2
g5 41. Kg2 h4 42. Kf3 hxg3 43. hxg3 gxf4 44. gxf4 Rb6 45. Kg4 Rg6+ 46. Kf5 Rg1
47. Rd7 Re1 48. Re7 Ra1 49. Kg5 Rg1+ 50. Kf5 Ra1 51. Rb7 Ra5 52. Kg5 Rc5 53.
Re7 Kf8 54. Kf6 Rc6+ 55. e6 fxe6 56. Rxe6 Rc7 57. f5 Rf7+ 58. Kg5 Rg7+ 59. Rg6
Ra7 60. Rf6+ Kg7 61. Rg6+ Kf7 62. Rh6 Kg7 63. f6+ Kg8 64. Kg6 Rg7+ 65. fxg7
1/2-1/2

[Event "III Weekend A"]
[Site "Novara ITA"]
[Date "2013.11.02"]
[Round "2"]
[White "Razzano, Lorenzo"]
[Black "Montilli, Vincenzo"]
[WhiteElo "1987"]
[BlackElo "2020"]
[Result "1/2-1/2"]
[PlyCount "117"]
[EventDate "2013.11.01"]

1. e4 c5 2. Nf3 d6 3. d4 cxd4 4. Nxd4 Nf6 5. Nc3 a6 6. h3 e6 7. g4 d5 8. exd5
Nxd5 9. Bd2 Bb4 10. Nde2 Nxc3 11. Bxc3 Qe7 12. Qd4 Bxc3+ 13. Nxc3 O-O 14. O-O-O
Nc6 15. Qe3 Rb8 16. Bg2 Qc7 17. Qc5 Bd7 18. Qd6 Qxd6 19. Rxd6 Rfd8 20. Rhd1 Be8
21. Ne4 Kf8 22. Rxd8 Nxd8 23. Nc5 Ke7 24. f4 a5 25. b3 b6 26. Nd3 Rc8 27. Kb2
b5 28. c3 Rc7 29. Rc1 Rd7 30. Bf1 Rd6 31. c4 bxc4 32. bxc4 f6 33. Kc3 Rb6 34.
Bg2 Nc6 35. Rc2 a4 36. Rb2 Rxb2 37. Nxb2 a3 38. Nd3 Kd6 39. c5+ Kc7 40. Kb3
Nd4+ 41. Kxa3 Nc2+ 42. Kb3 Ne3 43. Bf3 Bb5 44. Kc3 g6 45. h4 Be8 46. g5 fxg5
47. hxg5 Bb5 48. Nf2 Nf5 49. Ng4 Bf1 50. Nf6 h5 51. gxh6 Nxh6 52. Kd4 Nf7 53.
Be4 g5 54. fxg5 Nxg5 55. a4 Nxe4 56. Nxe4 Kc6 57. Nd2 e5+ 58. Kxe5 Kxc5 59. Ke4
1/2-1/2

[Event "III Weekend A"]
[Site "Novara ITA"]
[Date "2013.11.02"]
[Round "2"]
[White "Siclari, Giovanni"]
[Black "La Rota, Fabio"]
[WhiteElo "2069"]
[BlackElo "2258"]
[Result "1/2-1/2"]
[PlyCount "55"]
[EventDate "2013.11.01"]

1. Nf3 d5 2. d4 Nf6 3. c4 e6 4. Nc3 Nbd7 5. Bg5 Bb4 6. cxd5 exd5 7. Qc2 c5 8.
dxc5 Qa5 9. Bd2 Qxc5 10. a3 Bxc3 11. Qxc3 O-O 12. e3 Ne4 13. Qxc5 Ndxc5 14. b4
Nb3 15. Rb1 Nbxd2 16. Nxd2 Bf5 17. Bd3 Rac8 18. Bxe4 Bxe4 19. Nxe4 dxe4 20. O-O
Rfd8 21. Rbc1 Kf8 22. g4 Ke7 23. Kg2 Ke6 24. Kg3 g5 25. h4 h6 26. hxg5 hxg5 27.
Rh1 Kf6 28. Rh6+ 1/2-1/2

[Event "III Weekend A"]
[Site "Novara ITA"]
[Date "2013.11.02"]
[Round "2"]
[White "Stefanetti, Marco"]
[Black "Ranieri, Fabrizio"]
[WhiteElo "2093"]
[BlackElo "2277"]
[Result "0-1"]
[PlyCount "54"]
[EventDate "2013.11.01"]

1. e4 e6 2. d3 d5 3. Nd2 Nf6 4. Ngf3 c5 5. g3 Nc6 6. Bg2 Be7 7. O-O b6 8. Re1
Bb7 9. c3 Qc7 10. a3 dxe4 11. dxe4 O-O 12. Nf1 Ba6 13. Qa4 Bd3 14. Bf4 Qb7 15.
Bg5 b5 16. Qd1 Rad8 17. Bxf6 Bxf1 18. Qc1 Bxg2 19. Bxe7 Bxf3 20. Bxf8 Rxf8 21.
Qf4 Bh5 22. Qg5 Bg6 23. Qxc5 Na5 24. Qe3 h6 25. Rad1 Bh5 26. Rd4 Nc4 27. Qc1
Ne5 0-1

[Event "III Weekend A"]
[Site "Novara ITA"]
[Date "2013.11.02"]
[Round "2"]
[White "Villa, Giorgio"]
[Black "Cereda, Loris"]
[WhiteElo "1959"]
[BlackElo "2185"]
[Result "1/2-1/2"]
[PlyCount "77"]
[EventDate "2013.11.01"]

1. d4 Nf6 2. Nf3 d5 3. c4 e6 4. Bg5 Nbd7 5. e3 c6 6. Nc3 Qa5 7. Nd2 Bb4 8. Qc2
Ne4 9. Ncxe4 dxe4 10. Bh4 O-O 11. a3 e5 12. Rd1 Bxd2+ 13. Qxd2 Qxd2+ 14. Rxd2
f5 15. Be2 h6 16. dxe5 Nxe5 17. Bg3 Nf7 18. O-O Be6 19. Rfd1 Rfd8 20. Kf1 Kf8
21. b3 Rxd2 22. Rxd2 Rd8 23. Ke1 Ke7 24. Bh5 Rxd2 25. Kxd2 Nd8 26. Bc7 c5 27.
Bxd8+ Kxd8 28. f3 Ke7 29. fxe4 fxe4 30. Bg6 a5 31. Bxe4 b6 32. Bd5 Bd7 33. Kd3
Kf6 34. Bf3 Ke5 35. a4 g5 36. h3 Bf5+ 37. e4 Bg6 38. Ke3 h5 39. g4 1/2-1/2

[Event "III Weekend A"]
[Site "Novara ITA"]
[Date "2013.11.02"]
[Round "3"]
[White "Bargeri, Ludovico"]
[Black "Siclari, Giovanni"]
[WhiteElo "2122"]
[BlackElo "2069"]
[Result "1/2-1/2"]
[PlyCount "34"]
[EventDate "2013.11.01"]

1. d4 Nf6 2. Nf3 e6 3. e3 c5 4. Bd3 b6 5. b3 Bb7 6. Nbd2 cxd4 7. exd4 Bb4 8.
O-O Bc3 9. Rb1 Nc6 10. Bb2 Bxb2 11. Rxb2 Nb4 12. Be2 Nbd5 13. c4 Nc3 14. Qe1
Nxe2+ 15. Qxe2 O-O 16. Rc1 Qe7 17. Rbc2 Ba6 1/2-1/2

[Event "III Weekend A"]
[Site "Novara ITA"]
[Date "2013.11.02"]
[Round "3"]
[White "Ceccarini, Marco"]
[Black "Lanzani, Mario"]
[WhiteElo "2085"]
[BlackElo "2305"]
[Result "1/2-1/2"]
[PlyCount "24"]
[EventDate "2013.11.01"]

1. e4 c5 2. Nc3 e6 3. g3 d5 4. Bg2 d4 5. Nce2 e5 6. d3 Nc6 7. f4 Bd6 8. Nf3 f6
9. O-O Be6 10. fxe5 Nxe5 11. Nf4 Bg4 12. c3 Qd7 1/2-1/2

[Event "III Weekend A"]
[Site "Novara ITA"]
[Date "2013.11.02"]
[Round "3"]
[White "Cereda, Loris"]
[Black "Cafaro, Luca"]
[WhiteElo "2185"]
[BlackElo "1983"]
[Result "1/2-1/2"]
[PlyCount "98"]
[EventDate "2013.11.01"]

1. e4 e5 2. Nf3 Nc6 3. Bc4 Nf6 4. d3 Bc5 5. c3 O-O 6. Bg5 Be7 7. Bb3 d6 8. Nbd2
h6 9. Bh4 Nh7 10. Bxe7 Qxe7 11. Nc4 Ng5 12. Ne3 Be6 13. h4 Nh7 14. g4 Rad8 15.
Qe2 Na5 16. Bc2 d5 17. Nxe5 dxe4 18. d4 c5 19. Rd1 cxd4 20. cxd4 Qb4+ 21. Qd2
Rxd4 22. a3 Qxd2+ 23. Rxd2 Rxd2 24. Kxd2 Nb3+ 25. Kc3 Rc8+ 26. Kb4 a5+ 27. Ka4
b5+ 28. Kxb5 Rc5+ 29. Ka4 Rxe5 30. Rd1 Nc5+ 31. Kxa5 Nd3+ 32. Kb6 Nxf2 33. Rd8+
Nf8 34. Rd4 Nxg4 35. Nxg4 Bxg4 36. Bxe4 Nd7+ 37. Kc7 Nf8 38. Bd5 Be6 39. Bc6
Bb3 40. Rd3 Bc4 41. Rc3 Be2 42. b4 f5 43. a4 f4 44. b5 f3 45. Bxf3 Bxb5 46.
axb5 Rxb5 47. Kc6 Rf5 48. Bd5+ Kh8 49. Rg3 Rf6+ 1/2-1/2

[Event "III Weekend A"]
[Site "Novara ITA"]
[Date "2013.11.02"]
[Round "3"]
[White "La Rota, Fabio"]
[Black "Villa, Giorgio"]
[WhiteElo "2258"]
[BlackElo "1959"]
[Result "1/2-1/2"]
[PlyCount "106"]
[EventDate "2013.11.01"]

1. d4 d5 2. Nf3 Nf6 3. Bf4 c5 4. e3 Qb6 5. Nc3 e6 6. a3 a6 7. Be2 Nbd7 8. O-O
Be7 9. Rb1 O-O 10. h3 Qc6 11. Re1 b6 12. Ne5 Nxe5 13. Bxe5 Bb7 14. Bf3 Rad8 15.
e4 dxe4 16. Nxe4 Qc8 17. Qe2 cxd4 18. Rbd1 Bxe4 19. Bxe4 Nxe4 20. Qxe4 Rd5 21.
Bxd4 Bc5 22. Bc3 Rfd8 23. Qg4 Bf8 24. Rxd5 Rxd5 25. Re3 g6 26. Qe2 b5 27. Be5
Bg7 28. Bxg7 Kxg7 29. Rc3 Qd7 30. Qe3 Qd6 31. g3 Rd2 32. Kg2 Qd5+ 33. Qf3 Qxf3+
34. Kxf3 Kf6 35. Rc6 Ke7 36. Ke3 Rd6 37. Rc8 Kd7 38. Ra8 e5 39. h4 h5 40. Ra7+
Ke6 41. Rc7 f5 42. f3 Kd5 43. Re7 Re6 44. Rd7+ Rd6 45. Rg7 Rc6 46. Kd3 e4+ 47.
fxe4+ fxe4+ 48. Kd2 Kd4 49. Rd7+ Ke5 50. Rf7 Ke6 51. Rf8 Ke5 52. Rf7 Ke6 53.
Rf8 Ke5 1/2-1/2

[Event "III Weekend A"]
[Site "Novara ITA"]
[Date "2013.11.02"]
[Round "3"]
[White "Ortega, Lexy"]
[Black "Montilli, Vincenzo"]
[WhiteElo "2480"]
[BlackElo "2020"]
[Result "1-0"]
[PlyCount "53"]
[EventDate "2013.11.01"]

1. Nf3 c5 2. c4 g6 3. e3 Bg7 4. d4 d6 5. Nc3 Nf6 6. Be2 O-O 7. O-O a6 8. b3
Nbd7 9. Bb2 Rb8 10. Qd2 Re8 11. Rfd1 Qa5 12. a4 e5 13. dxe5 dxe5 14. Ne4 Qxd2
15. Nfxd2 Re6 16. Bf3 h6 17. h3 Kh7 18. g4 Ne8 19. g5 h5 20. Bg2 b5 21. axb5
axb5 22. cxb5 Rxb5 23. Ra8 Bb7 24. Rd8 Nb6 25. Rxe8 Rxe8 26. Nd6 Bxg2 27. Kxg2
1-0

[Event "III Weekend A"]
[Site "Novara ITA"]
[Date "2013.11.02"]
[Round "3"]
[White "Ranieri, Fabrizio"]
[Black "Calavalle, Giulio"]
[WhiteElo "2277"]
[BlackElo "2210"]
[Result "1/2-1/2"]
[PlyCount "20"]
[EventDate "2013.11.01"]

1. e4 c5 2. Nf3 Nc6 3. d4 cxd4 4. Nxd4 e5 5. Nf3 Nf6 6. Nc3 Bb4 7. Bc4 d6 8.
O-O Bg4 9. Qd3 O-O 10. Bg5 Bxc3 1/2-1/2

[Event "III Weekend A"]
[Site "Novara ITA"]
[Date "2013.11.03"]
[Round "4"]
[White "Bargeri, Ludovico"]
[Black "Ceccarini, Marco"]
[WhiteElo "2122"]
[BlackElo "2085"]
[Result "1-0"]
[PlyCount "67"]
[EventDate "2013.11.01"]

1. d4 f5 2. Bg5 Nf6 3. Bxf6 exf6 4. e3 d5 5. c4 Be6 6. Nc3 dxc4 7. d5 Bf7 8.
Bxc4 Nd7 9. Nge2 Ne5 10. Bb3 Bd6 11. Nd4 g6 12. a3 O-O 13. O-O Kg7 14. Rc1 c5
15. dxc6 Nxc6 16. Nxc6 bxc6 17. Bxf7 Rxf7 18. Qf3 Qb6 19. Na4 Qb5 20. Qxc6 Qe5
21. g3 Rb8 22. b4 Rc7 23. Qa6 Rbc8 24. Rxc7+ Rxc7 25. Rd1 Be7 26. Qd3 h5 27.
Qd5 Rc1 28. Kg2 Rxd1 29. Qxd1 Qe4+ 30. Qf3 Qc2 31. Qb7 Qxa4 32. Qxe7+ Kh6 33.
Qxf6 Qxa3 34. Qh8+ 1-0

[Event "III Weekend A"]
[Site "Novara ITA"]
[Date "2013.11.03"]
[Round "4"]
[White "Bisi, Samuele"]
[Black "Cereda, Loris"]
[WhiteElo "2058"]
[BlackElo "2185"]
[Result "1-0"]
[PlyCount "57"]
[EventDate "2013.11.01"]

1. d4 d5 2. Nf3 Nf6 3. c4 e6 4. Nc3 c6 5. Bg5 Nbd7 6. cxd5 exd5 7. e3 Be7 8.
Bd3 O-O 9. Qc2 Re8 10. O-O Nf8 11. Rab1 Ng6 12. b4 Bd6 13. e4 Bf4 14. Bxf6 Qxf6
15. exd5 Bg4 16. Be4 cxd5 17. Nxd5 Qd6 18. g3 f5 19. Bxf5 Bxf3 20. Bxg6 Bxd5
21. Bxh7+ Kh8 22. gxf4 Qxf4 23. Qf5 Rf8 24. Qxd5 Kxh7 25. Rb3 Rf7 26. Rh3+ Kg8
27. Qh5 Rf6 28. Qh8+ Kf7 29. Qxa8 1-0

[Event "III Weekend A"]
[Site "Novara ITA"]
[Date "2013.11.03"]
[Round "4"]
[White "Calavalle, Giulio"]
[Black "La Rota, Fabio"]
[WhiteElo "2210"]
[BlackElo "2258"]
[Result "0-1"]
[PlyCount "102"]
[EventDate "2013.11.01"]

1. e4 c6 2. d4 d5 3. Nc3 dxe4 4. Nxe4 Nf6 5. Nxf6+ exf6 6. c3 Bd6 7. Bd3 O-O 8.
Qc2 h6 9. Ne2 Qc7 10. Be3 Re8 11. O-O-O c5 12. dxc5 Bxc5 13. Nd4 Nc6 14. Bh7+
Kh8 15. Rhe1 Bg4 16. f3 Bd7 17. Be4 Rac8 18. Kb1 Ne5 19. Bf4 Qb6 20. Qb3 Bxd4
21. Rxd4 Qxb3 22. axb3 Bc6 23. Bxc6 Nxc6 24. Rde4 Rxe4 25. Rxe4 g5 26. Bg3 f5
27. Re2 f4 28. Bf2 Kg7 29. Rd2 Rc7 30. Bc5 b6 31. Bf2 f6 32. Rd6 Kf7 33. Bd4
Ke7 34. Rd5 Ke6 35. Rb5 Rd7 36. Bxb6 Rb7 37. Rc5 Rxb6 38. b4 h5 39. h4 Ne5 40.
hxg5 fxg5 41. Rc7 g4 42. fxg4 hxg4 43. Rxa7 Kf5 44. Kc2 g3 45. Ra1 f3 46. gxf3
Kf4 47. Kb3 Nxf3 48. Kc4 g2 49. b5 Re6 50. Kd5 Kf5 51. c4 Ne1 0-1

[Event "III Weekend A"]
[Site "Novara ITA"]
[Date "2013.11.03"]
[Round "4"]
[White "Lanzani, Mario"]
[Black "Ranieri, Fabrizio"]
[WhiteElo "2305"]
[BlackElo "2277"]
[Result "1/2-1/2"]
[PlyCount "77"]
[EventDate "2013.11.01"]

1. e4 e6 2. d4 d5 3. Nd2 Nf6 4. e5 Nfd7 5. Bd3 c5 6. c3 Nc6 7. Ne2 cxd4 8. cxd4
f6 9. exf6 Nxf6 10. Nf3 Bd6 11. O-O O-O 12. Bf4 Bxf4 13. Nxf4 Ne4 14. Qc1 Ng5
15. Nxg5 Qxg5 16. Ne2 Qf6 17. Qe3 Bd7 18. Bb5 Nb8 19. Bxd7 Nxd7 20. Rac1 Nb6
21. b3 Rac8 22. Rxc8 Rxc8 23. Rc1 Rxc1+ 24. Nxc1 Nd7 25. Nd3 b6 26. g4 h6 27.
h4 Nf8 28. h5 Nh7 29. Kg2 Nf8 30. Kg3 Nh7 31. Qf4 Ng5 32. f3 Nf7 33. b4 Qe7 34.
a3 Kh7 35. Qb8 Qf6 36. Qxa7 Qxd4 37. Qxf7 Qg1+ 38. Kf4 Qd4+ 39. Kg3 1/2-1/2

[Event "III Weekend A"]
[Site "Novara ITA"]
[Date "2013.11.03"]
[Round "4"]
[White "Siclari, Giovanni"]
[Black "Ortega, Lexy"]
[WhiteElo "2069"]
[BlackElo "2480"]
[Result "0-1"]
[PlyCount "74"]
[EventDate "2013.11.01"]

1. Nf3 d5 2. d4 Nf6 3. c4 c6 4. Nc3 dxc4 5. a4 a5 6. e4 Bg4 7. Bxc4 e6 8. Be2
Bb4 9. Bg5 Nbd7 10. e5 h6 11. Bd2 Nh7 12. Ne4 Be7 13. O-O O-O 14. Be3 Qc7 15.
Rc1 Rfd8 16. Qc2 Bf5 17. Bd3 Nhf8 18. Nfd2 Nb6 19. Nc4 Nxc4 20. Qxc4 Nd7 21.
Rfd1 Nb6 22. Qb3 Nd5 23. Nc5 Bxc5 24. Bxf5 Nxe3 25. Qxe3 Bxd4 26. Rxd4 Rxd4 27.
Qxd4 Rd8 28. Qf4 exf5 29. h4 Rd5 30. Re1 Qd7 31. b3 Rd4 32. Qc1 Qd5 33. h5 Qxb3
34. e6 fxe6 35. Qa1 Qxa4 36. Qb1 Qb4 37. Qa1 Qd6 0-1

[Event "III Weekend A"]
[Site "Novara ITA"]
[Date "2013.11.03"]
[Round "4"]
[White "Stefanetti, Marco"]
[Black "Villa, Giorgio"]
[WhiteElo "2093"]
[BlackElo "1959"]
[Result "1-0"]
[PlyCount "69"]
[EventDate "2013.11.01"]

1. e4 c6 2. d4 d5 3. exd5 cxd5 4. Bd3 Nc6 5. c3 g6 6. Nf3 Nh6 7. Bf4 Bf5 8. Be2
Bg7 9. Na3 f6 10. Nb5 Rc8 11. O-O O-O 12. Na3 e5 13. dxe5 fxe5 14. Bg5 Qd7 15.
Qd2 Nf7 16. Rad1 Nxg5 17. Qxg5 Be6 18. Bb5 Rf5 19. Qg3 a6 20. Ba4 b5 21. Bc2 e4
22. Bxe4 Rh5 23. c4 Bxb2 24. Bxg6 hxg6 25. Qxg6+ Kf8 26. Qxh5 Bf7 27. Qh6+ Bg7
28. Qf4 Qe7 29. cxd5 Ne5 30. d6 Qe6 31. Ng5 Qh6 32. Rfe1 Qh5 33. Ne6+ Kg8 34.
Nxg7 Kxg7 35. Qxe5+ 1-0

[Event "III Weekend A"]
[Site "Novara ITA"]
[Date "2013.11.03"]
[Round "5"]
[White "Astengo, Marcello"]
[Black "Montilli, Vincenzo"]
[WhiteElo "2096"]
[BlackElo "2020"]
[Result "0-1"]
[PlyCount "69"]
[EventDate "2013.11.01"]

1. d4 Nf6 2. c4 g6 3. Nc3 Bg7 4. e4 d6 5. f3 O-O 6. Be3 Nbd7 7. Qd2 c5 8. Nge2
a6 9. Rd1 Qc7 10. g4 b6 11. g5 Ne8 12. h4 Bb7 13. d5 Ne5 14. Ng1 Bc8 15. Qh2 f5
16. Be2 fxe4 17. Nxe4 Bf5 18. Nh3 b5 19. Nf4 Nxc4 20. Bxc4 bxc4 21. h5 Be5 22.
Qd2 Bxf4 23. Bxf4 Ng7 24. h6 Nh5 25. Rxh5 gxh5 26. Qc3 Rf7 27. Bc1 Qb6 28. g6
Bxg6 29. Ng5 Rf6 30. Qe3 Qb7 31. b3 cxb3 32. Bb2 Qb4+ 33. Bc3 Qf4 34. Qxe7 Re8
35. Qe5 0-1

[Event "III Weekend A"]
[Site "Novara ITA"]
[Date "2013.11.03"]
[Round "5"]
[White "Ceccarini, Marco"]
[Black "Cafaro, Luca"]
[WhiteElo "2085"]
[BlackElo "1983"]
[Result "1-0"]
[PlyCount "25"]
[EventDate "2013.11.01"]

1. e4 e5 2. Bc4 Nf6 3. d4 exd4 4. Nf3 d5 5. exd5 Nxd5 6. O-O Nc6 7. Nxd4 Nxd4
8. Qxd4 Be6 9. Re1 c6 10. Nc3 Be7 11. Nxd5 cxd5 12. Qxg7 Bf6 13. Rxe6+ 1-0

[Event "III Weekend A"]
[Site "Novara ITA"]
[Date "2013.11.03"]
[Round "5"]
[White "Girgenti, Giuseppe"]
[Black "Siclari, Giovanni"]
[WhiteElo "1931"]
[BlackElo "2069"]
[Result "0-1"]
[PlyCount "58"]
[EventDate "2013.11.01"]

1. e4 c5 2. Nf3 e6 3. d3 Nc6 4. Nbd2 g6 5. g3 Bg7 6. Bg2 Nge7 7. O-O O-O 8. Re1
e5 9. Nf1 d6 10. Be3 h6 11. Qd2 Kh7 12. h4 f5 13. c3 Be6 14. N1h2 Qd7 15. Bh3
b6 16. Kg2 fxe4 17. Ng5+ hxg5 18. Bxe6 Qxe6 19. hxg5 exd3 20. Rh1 Kg8 21. Qd1
Qd5+ 22. Kg1 Nf5 23. Ng4 Nxe3 24. fxe3 Rf3 25. Rh3 Raf8 26. Qd2 Qe4 27. Nh6+
Bxh6 28. gxh6 Qxe3+ 29. Qxe3 Rxe3 0-1